Historic churches (Record no. 115520)

MARC details
000 -LEADER
fixed length control field 01798cam a22004095a 4500
001 - CONTROL NUMBER
control field e158820
008 - FIXED-LENGTH DATA ELEMENTS--GENERAL INFORMATION
fixed length control field 100119s2011 xxko f 001 0 eng d
020 ## - INTERNATIONAL STANDARD BOOK NUMBER
International Standard Book Number 9781900915618
035 ## - SYSTEM CONTROL NUMBER
System control number (Sirsi) u158820
041 0# - LANGUAGE CODE
Language code of text/sound track or separate title eng
050 04 - LIBRARY OF CONGRESS CALL NUMBER
Classification number 690.241 $2 18
110 2# - MAIN ENTRY--CORPORATE NAME
Corporate name or jurisdiction name as entry element Cathedral Communications Limited
9 (RLIN) 3087
245 00 - TITLE STATEMENT
Title Historic churches
Remainder of title the conservation and repair of ecclesiastical buildings
Medium [electronic resource]
250 ## - EDITION STATEMENT
Edition statement 18th ed.
260 ## - PUBLICATION, DISTRIBUTION, ETC.
Place of publication, distribution, etc. Tisbury
Name of publisher, distributor, etc. Cathedral Communications
Date of publication, distribution, etc. 2011
300 ## - PHYSICAL DESCRIPTION
Extent 56p.
Other physical details col. ill.
Dimensions 30cm.
490 #0 - SERIES STATEMENT
Series statement Building Conservation Directory Special Report
505 2# - FORMATTED CONTENTS NOTE
Formatted contents note The view from the church in Wales -- Medieval English pulpits -- A place of honour -- Fabric-friendly heating -- The conservation of historic timber bell frames -- Perfected by the hand of taste -- Solar photovoltaics and historic places of worship -- Historic leaded lights -- Reviving a lost art -- Sacred space
520 ## - SUMMARY, ETC.
Summary, etc. Discusses issues, building techniques and materials relevant to the conservation and repair of churches. Includes a directory of useful organisations, products and services.
521 2# - TARGET AUDIENCE NOTE
Target audience note Advanced
590 ## - LOCAL NOTE (RLIN)
Local note KA
651 #4 - SUBJECT ADDED ENTRY--GEOGRAPHIC NAME
Geographic name United Kingdom
Chronological subdivision
690 ## - LOCAL SUBJECT ADDED ENTRY--TOPICAL TERM (OCLC, RLIN)
Topical term or geographic name as entry element BUILT ENVIRONMENT-BUILDING MAINTENANCE AND REFURBISHMENT-BUILDING RESTORATION
700 1# - ADDED ENTRY--PERSONAL NAME
Personal name Glanville, Alex
700 1# - ADDED ENTRY--PERSONAL NAME
Personal name Tracy, Charles
700 1# - ADDED ENTRY--PERSONAL NAME
Personal name Amery, Colin
700 1# - ADDED ENTRY--PERSONAL NAME
Personal name Camuffo, Dario
700 1# - ADDED ENTRY--PERSONAL NAME
Personal name Rumley, Peter TJ
700 1# - ADDED ENTRY--PERSONAL NAME
Personal name Curl, James Stevens
700 1# - ADDED ENTRY--PERSONAL NAME
Personal name Evans, Diana
700 1# - ADDED ENTRY--PERSONAL NAME
Personal name Clare, Stephen
700 1# - ADDED ENTRY--PERSONAL NAME
Personal name Organ, Tom
700 1# - ADDED ENTRY--PERSONAL NAME
Personal name Doig, Allan
710 2# - ADDED ENTRY--CORPORATE NAME
Corporate name or jurisdiction name as entry element Building Conservation Directory
9 (RLIN) 3988
856 41 - ELECTRONIC LOCATION AND ACCESS
Uniform Resource Identifier <a href="https://www.buildingconservation.com/articles/allarticles.htm">https://www.buildingconservation.com/articles/allarticles.htm</a>
Public note View the articles at www.buildingconservation.com
942 ## - ADDED ENTRY ELEMENTS (KOHA)
Suppress in OPAC 0
Source of classification or shelving scheme Dewey Decimal Classification
Holdings
Withdrawn status Lost status Source of classification or shelving scheme Damaged status Not for loan Home library Current library Shelving location Date acquired Total Checkouts Full call number Barcode Date last seen Copy number Price effective from Koha item type
    Dewey Decimal Classification     London London Folio 31/07/2015   F690.241 BUI 30078933 06/08/2019 1 06/08/2019 Book
    Dewey Decimal Classification     Virtual Virtual Online 31/07/2015   ONLINE PUBLICATION 158820-2001 06/08/2019 1 06/08/2019 Book